| 000 | 00853nam a2200193Ia 4500 | ||
|---|---|---|---|
| 003 | GCL | ||
| 008 | 140319s9999 xx 000 0 ara d | ||
| 040 |
_aGCL / _cGCL |
||
| 082 | 0 | 4 |
_aق _b953.0962 _bج ت |
| 100 | 1 | _aالجبرتى : عبدالرحمن بن حسن، 1167-1237 هـ | |
| 245 | 1 | 0 |
_aتاريخ عجائب الاثار فى التراجم والاخبار : _bالمعروف بتاريخ الجبرتى / _cالجبرتى : عبدالرحمن بن حسن، 1167-1237 هـ |
| 700 | 1 | _aابراهيم شمس الدين | |
| 250 | _aالاولى | ||
| 260 |
_aبيروت : _bدار الكتب العلمية ، _c1997 |
||
| 300 |
_a3 مج: _bايض ؛ _c24 سم |
||
| 650 | 0 | 4 | _aمصر - تاريخ - العصر الحديث (1805 - 1956 ) |
| 650 | 0 | 4 | _aمصر - تاريخ - الحملة الفرنسية (1798-1801م) |
| 942 |
_2ddc _cBK |
||
| 999 |
_c38747 _d38747 |
||